Country Scrable - Statistics

General Stats
  • This quiz has been taken 102 times
  • The average score is 14 of 20
Answer Stats
Scrambled Answer % Correct
taihi Haiti
93%
idniesoa Indonesia
91%
aotgn Tonga
83%
mroniaa Romania
80%
ndwraa Rwanda
78%
zragytykns Kyrgyzstan
77%
eanairbzja Azerbaijan
76%
htnabu Bhutan
76%
rzibla Brazil
70%
rondara Andorra
69%
hteansdnerl Netherlands
69%
rieras olnee Sierra Leone
69%
udoecar Ecuador
68%
migumbel Belgium
63%
adrenga Grenada
63%
inbalaa Albania
60%
mronieiasc Micronesia
59%
eanairm Armenia
50%
rlnadie Ireland
44%
sera otrmi East timor
26%
No matching quizzes found
Score Distribution
Percent of People with Each Score
Percentile by Number Answered
Your Score History
You have not taken this quiz